路線名 一覧クイズ 千葉県 - Statistics

General Stats
  • This quiz has been taken 271 times
    265 since last reset
  • The average score is 23 of 31
Answer Stats
事業者名 答え 区間 % Correct
JR東日本 内房線 蘇我~安房鴨川(全線)
99%
JR東日本 外房線 千葉~安房鴨川(全線)
99%
JR東日本 総武本線 市川~銚子
98%
JR東日本 成田線 佐倉~松岸(全線) 成田~成田空港(全線) 成田~我孫子(全線)
96%
JR東日本 京葉線 舞浜~蘇我 西船橋~南船橋 市川塩浜~西船橋
94%
JR東日本 常磐線 松戸~天王台
91%
JR東日本 久留里線 木更津~上総亀山(全線)
90%
東武鉄道 野田線(アーバンパークライン) 川間~船橋
90%
京成電鉄 本線 国府台~成田空港
90%
JR東日本 東金線 大網~成東(全線)
88%
東京メトロ 東西線 浦安~西船橋
88%
JR東日本 武蔵野線 南流山~西船橋
85%
東京都交通局 新宿線 本八幡
85%
京成電鉄 千葉線 京成津田沼~千葉中央(全線)
79%
京成電鉄 千原線 千葉中央~ちはら台(全線)
76%
三セク⑥ 北総線(北総鉄道) 矢切~印旛日本医大
75%
JR東日本 鹿島線 香取~十二橋
74%
京成電鉄 松戸線 松戸~京成津田沼(全線)
74%
三セク① いすみ線(いすみ鉄道) 大原~上総中野(全線)
70%
中小私鉄① 小湊鉄道線(小湊鉄道) 五井~上総中野(全線)
69%
京成電鉄 成田空港線 東松戸~成田空港
66%
京成電鉄 東成田線 京成成田~東成田(全線)
64%
三セク② 芝山鉄道線(芝山鉄道) 東成田~芝山千代田(全線)
61%
三セク⑤ 東葉高速線(東葉高速鉄道) 西船橋~東葉勝田台(全線)
60%
中小私鉄⑤ 流山線(流鉄) 馬橋~流山(全線)
59%
三セク③ 常磐新線・つくばエクスプレス(首都圏新都市鉄道) 南流山~柏たなか
54%
三セク④ 1号線(千葉都市モノレール) 千葉みなと~県庁前(全線)
50%
三セク④ 2号線(千葉都市モノレール) 千葉~千城台(全線)
50%
中小私鉄③ ユーカリが丘線(山万) ユーカリが丘~公園~ユーカリが丘(全線)
49%
中小私鉄④ ディズニーリゾートライン(舞浜リゾートライン) リゾートゲートウェイ・ステーション~リゾートゲートウェイ・ステーション(全線)
43%
中小私鉄② 銚子電気鉄道線(銚子電気鉄道) 銚子~外川(全線)
42%
No matching quizzes found
Score Distribution
Percent of People with Each Score
Percentile by Number Answered
Your Score History
You have not taken this quiz since the last reset